000 00699nam a2200289Ia 4500
005 20260324150254.0
008 008 260324s9999 xx 000 0 eng d
020 _a9781351131278
037 _aEBOOK
040 _aCRL
040 _beng
040 _cCRL
041 _2eng
041 _aeng
084 _qCRL
100 _aW. F. Gossling
_91225861
245 0 _aInput-Output in the United Kingdom
245 0 _bProceedings of the 1968 Manchester Conference
260 _bTaylor and Francis
260 _c1970
365 _a
365 _b205
856 _uhttp://www.taylorfrancis.com/books/9781351131278
942 _cEBOOK
999 _c1835013
_d1835013